Capital Cities With 3 A’s - Statistics

General Stats
  • This quiz has been taken 46 times
    12 since last reset
  • The average score is 11 of 24
Answer Stats
Capital % Correct
Addis Ababa
82%
Havana
73%
Antananarivo
64%
Asmara
64%
Kampala
64%
Managua
64%
Astana
55%
Caracas
55%
Guatemala City
55%
Jakarta
55%
Manama
55%
Panama City
55%
Ulaanbaatar
55%
Sana’a
45%
Ankara
36%
Ashgabat
36%
Islamabad
36%
San Salvador
36%
Andorra la Vella
27%
Bratislava
27%
Paramaribo
27%
Sri Jayawardenapura Kotte
27%
South Tarawa
18%
Bandar seri Bagawan
0%
No matching quizzes found
Score Distribution
Percent of People with Each Score
Percentile by Number Answered
Your Score History
You have not taken this quiz since the last reset